Champions League Managers 2021/22 - Statistics

General Stats
  • This quiz has been taken 157 times
  • The average score is 14 of 32
Answer Stats
Group Team Answer % Correct
Group A Manchester City Pep Guardiola
96%
Group B Liverpool Jurgen Klopp
94%
Group D Real Madrid Carlo Ancelotti
93%
Group B Atletico Madrid Diego Simeone
90%
Group H Chelsea Thomas Tuchel
86%
Group A Paris Saint-Germain Mauricio Pochettino
77%
Group F Manchester United Ole Gunnar Solskjaer
74%
Group D Inter Milan Simone Inzaghi
74%
Group E Bayern Munich Julian Nagelsmann
72%
Group E Barcelona Ronald Koeman
72%
Group C Ajax Amsterdam Erik ten Hag
69%
Group H Juventus Massimiliano Allegri
69%
Group B AC Milan Stefano Pioli
63%
Group F Villarreal Unai Emery
63%
Group F Atalanta Gian Piero Gasperini
50%
Group C Borussia Dortmund Marco Rose
37%
Group G Sevilla Julen Lopetegui
36%
Group B FC Porto Sérgio Conceição
35%
Group C Sporting Lisbon Ruben Amorim
30%
Group A RB Leipzig Jesse Marsch
22%
Group E Dinamo Kiev Mircea Lucescu
20%
Group E Benfica Jorge Jesus
19%
Group D Shakhtar Donetsk Roberti De Zerbi
14%
Group G Wolfsburg Mark van Bommel
12%
Group G RB Salzburg Matthias Jaissle
9%
Group F Young Boys David Wagner
7%
Group A Club Brugge Philippe Clement
7%
Group H Zenit St. Petersburg Sergei Semak
6%
Group G LOSC LIlle Jocelyn Gourvennec
5%
Group H Malmö Jon Dahl Tomasson
5%
Group C Besiktas Sergen Yalçın
4%
Group D Sheriff Tiraspol Yuriy Vernydub
4%
No matching quizzes found
Score Distribution
Percent of People with Each Score
Percentile by Number Answered
Your Score History
You have not taken this quiz